| 000 | 01032nam a22003257a 4500 | ||
|---|---|---|---|
| 001 | 056 | ||
| 003 | DO-SdBNP | ||
| 005 | 20180220154951.0 | ||
| 007 | 056 | ||
| 008 | 151005b 1993 sp a 00| 0 spa d | ||
| 020 | _a8434820595 | ||
| 040 |
_aBPMSU _bspa _cBPMSU |
||
| 092 |
_aXXXX _bXXXX |
||
| 100 | 1 | _aSchwarz, Annelies | |
| 240 | 1 | 0 |
_aWir werden uns wiederfinden _f1986 _lger |
| 245 | 1 | 0 |
_aVolveremos a encontrarnos: _bel destierro de una familia / _cAnnelies Schwarz ; ilustraciones Carmen Lucini ; traducción Lola Romero ; colección dirigida por Marinella Terzi |
| 250 | _a6a. ed. | ||
| 260 |
_aMadrid : _bEdiciones SM, _c1993. |
||
| 300 |
_a142 p. : _bil. ; _c19 cm. |
||
| 490 | 1 |
_aEl barco de vapor _aSerie Roja _v35 |
|
| 521 | 1 | _aA partir de los 12 años | |
| 700 | 1 | 2 |
_aTerzi, Marinella _edir. |
| 700 | 1 | 2 |
_aLucini, Carmen _eil. |
| 700 | 1 | 2 |
_aRomero, Lola _etrad. |
| 830 | 0 |
_aBarco de vapor _n35 _pSerie Roja |
|
| 910 | _a202 | ||
| 942 |
_2ddc _cBK |
||
| 945 | _aInventariado, 2018/ YL | ||
| 956 |
_aYLOCKWARD _b10 _cBPMSU |
||
| 999 |
_c8451 _d8451 |
||